000 00989nam a22001937a 4500
003 BR-ViAPE
005 20260423114038.0
008 260423s1878 por gsds|| 000 0 por d
040 _cBR-ViAPE
100 _aMarques, Cezar Augusto
245 _aDicionário histórico, geográfico e estatístico da Província do Espírito Santo:
_borganizado em virtude do contrato celebrado aos 6 de julho de 1876 com o Presidente da mesma Província pelo Doutor em medicina Cezar Augusto Marques
260 _aRio de Janeiro
_bTypographia Nacional
_c1878
300 _a366 p.
_bDocumento digitalizado (PDF)
500 _aDocumento digitalizado do acervo institucional do Arquivo Público do Estado do Espírito Santo - APEES.
650 _aAdministração pública
_zEspírito Santo
651 _aEspírito Santo
_xHistória
_xGeografia
_xEstatística
856 _uhttps://ape.es.gov.br/Media/ape/PDF/Livros/Livros_Historicos/12346.pdf
_yCLIQUE AQUI PARA ACESSAR O DOCUMENTO
942 _2ddc
_cOBRAS_RARA
_n1
999 _c560
_d560